00665npc a2200181Ia 4500001002200000003001000022008004100032040002500073041000700098100001100105240010200116245013500218250001100353260001400364300001100378500007400389650002000463onu4-920 [d000000845]IT-MiCISF161014s9999||||xx | und|| aIT-MiCISFcIT-MiCISF aen aAA.VV. aChannels of Communication between the United Nations and Youth and Youth Organizations (a/37/401) 0aChannels of Communication between the United Nations and Youth and Youth Organizations (a/37/401)bReport of the Secretary General a1a ed. bONUc1982 app. 13 aONU / giovani, associazionismo, gruppo-di-pari, politica-giovanile /  aetà-evolutiva